Process is king: Evaluating the performance of technology- mediated learning in vocational software training / (Record no. 361457)
[ view plain ]
| 000 -LEADER | |
|---|---|
| fixed length control field | 00735nam a2200181Ia 4500 |
| 008 - FIXED-LENGTH DATA ELEMENTS--GENERAL INFORMATION | |
| fixed length control field | 190422s9999 xx 000 0 und d |
| 100 ## - MAIN ENTRY--PERSONAL NAME | |
| Personal name | Sollner, Matthias |
| 245 ## - TITLE STATEMENT | |
| Title | Process is king: Evaluating the performance of technology- mediated learning in vocational software training / |
| 245 ## - TITLE STATEMENT | |
| Statement of responsibility, etc | Matthias Sollner, Phillip Bitzer, Andreas Janson and Jan Marco Leimeister.-- |
| 260 ## - PUBLICATION, DISTRIBUTION, ETC. (IMPRINT) | |
| Name of publisher, distributor, etc | Association for Information Technology Trust |
| 260 ## - PUBLICATION, DISTRIBUTION, ETC. (IMPRINT) | |
| Date of publication, distribution, etc | 2018 |
| 300 ## - PHYSICAL DESCRIPTION | |
| Extent | pages 233-254, September 2018 |
| 440 ## - SERIES STATEMENT/ADDED ENTRY--TITLE | |
| Title | Journal of Information Technology |
| Volume number/sequential designation | 33(3) |
| 650 ## - SUBJECT ADDED ENTRY--TOPICAL TERM | |
| Topical term or geographic name as entry element | Holistic Evaluation of Performance |
| 650 ## - SUBJECT ADDED ENTRY--TOPICAL TERM | |
| Topical term or geographic name as entry element | Percieved TML Process Quality |
| 650 ## - SUBJECT ADDED ENTRY--TOPICAL TERM | |
| Topical term or geographic name as entry element | Technology-mediated Learning |
| 650 ## - SUBJECT ADDED ENTRY--TOPICAL TERM | |
| Topical term or geographic name as entry element | Vocational Softwae Training |
No items available.